00309 a2200097 4500020001800000082001700018100003700035245010000072260003100172300000800203 a9789698121068 a338.46095491 aKhawaja, Sarfarz; Khawaja, Aqila aGovernance and Poverty in PakistanbSome Reflections 2000- 2006cSarfraz KhawajahAqila Khawaja aIslamabadbMr. Booksc2007 a161